| 000 | 03967cam a2200409 i 4500 | ||
|---|---|---|---|
| 001 | 768714001 | ||
| 003 | CO-MdFUSB | ||
| 005 | 20230411110741.0 | ||
| 007 | ta | ||
| 008 | 860131t1986 ilu b 001 0 eng | ||
| 010 | _a 86002736 | ||
| 020 | _a0877849919 | ||
| 020 | _a9780877849919 | ||
| 040 |
_aDLC _cCO-MdFUSB _dPGC _dBAKER _dYDXCP _dOCLCG _dNLE _dCRU _bspa _erda |
||
| 041 | _aeng | ||
| 082 |
_223 _a230.51 _bB678 |
||
| 100 | 1 |
_aBoice, James Montgomery, _d1938-2000. _eautor |
|
| 245 | 1 | 0 |
_aFoundations of the Christian faith : _ba comprehensive and readable theology _c/ James Montgomery Boice. |
| 250 | _aedición revisada | ||
| 264 | 1 |
_aDowners Grove, Ill. : _bInterVarsity Press, _c[1986] |
|
| 264 | 4 | _c© 1986 | |
| 300 |
_a740 páginas ; _c24 cm. |
||
| 336 |
_2rdacontent _atexto _btxt |
||
| 337 |
_2rdamedia _aotro _bn |
||
| 338 |
_2rdacarrier _avolumen _bnc |
||
| 490 | 1 | _aThe Master reference collection. | |
| 504 | _aIncluye referencias bibliográficas e índices. | ||
| 505 | _aSobre conocer a Dios - El Dios desconocido - La Biblia - La autoridad de las Escrituras - La prueba de las Escrituras - ¿Cuán verdadera es la Biblia? - Crítica bíblica moderna - Cómo interpretar la Biblia - El Dios verdadero - Dios en tres personas - Nuestro Dios soberano - Santo, santo, santo - El Dios que conoce - Dios que no cambia - El creación del hombre - Naturaleza - El mundo de los espíritus - La providencia de Dios - La caída - Los resultados de la caída - La esclavitud de la voluntad - El propósito de la ley de Dios - Los diez mandamientos: el amor de Dios - - Los diez mandamientos: el amor a los demás - La ira de Dios - La salvación en el Antiguo Testamento - La deidad de Jesucristo - La humanidad de Jesucristo - Por qué Cristo se hizo hombre - Profeta, sacerdote y rey - Apagando la ira de Dios - Pagado en su totalidad - La grandeza del amor de Dios - La doctrina fundamental: la resurrección - Verificando la resurrección - Ascendió al cielo. -- Cristianismo personal - La obra del Espíritu Santo - La unión con Cristo - El nuevo nacimiento - La fe y el arrepentimiento - La justificación por la fe: el eje de la salvación - La justificación por la fe: el lugar de las obras - Las pruebas de Fe - Una nueva familia - El camino ascendente - Abrazar lo negativo - Libertad, libertad - Conocer la voluntad de Dios - Hablar con Dios - Dios hablándonos - Servir - Llamados por Dios - El guardando el poder de Dios - ¿Qué me pasa? - La marcha del tiempo - Cristo, el punto focal de la historia - La iglesia de Cristo - Las marcas de la iglesia - Cómo adorar a Dios - Las señales y sellos de la salvación - Los dones espirituales - Equipar a los santos - La iglesia Gobierno - Vida del cuerpo - La gran comisión - La ciudad secular - La iglesia secular - La ciudad de Dios - La iglesia y el estado - ¿Cómo terminará todo? -- Por fin en casa. | ||
| 505 | 0 | _aPersonal Christianity -- The work of the Holy Spirit -- Union with Christ -- The new birth -- Faith and repentance -- Justification by faith : the hinge of salvation -- Justification by faith : the place of works -- The tests of faith -- A new family -- The upward way -- Embrace the negative -- Freedom, freedom -- Knowing the will of God -- Talking to God -- God talking to us -- Serving -- Called by God -- The keeping power of God -- What's wrong with me? -- The march of time -- Christ, the focal point of history -- Christ's church -- The marks of the church -- How to worship God -- Salvation's signs and seals -- Spiritual gifts -- Equipping the saints -- Church government -- Body life -- The great commission -- The secular city -- The secular church -- God's city -- Church and state -- How will it all end? -- Home at last. | |
| 563 | _aTapa dura | ||
| 650 | 7 |
_aTeología doctrinal _9179 |
|
| 830 | 0 | _aMaster reference collection. | |
| 942 | _cBK | ||
| 945 | _aJTF-925 | ||
| 999 |
_c66655 _d66655 |
||